UBT Library

Academic encounters, life in society, level 3 : (Record no. 43809)

000 -LEADER
fixed length control field 00919cam a2200277 a 4500
001 - CONTROL NUMBER
control field 17245640
005 - DATE AND TIME OF LATEST TRANSACTION
control field 20180301050353.0
008 - FIXED-LENGTH DATA ELEMENTS--GENERAL INFORMATION
fixed length control field 120406s2012 nyuab b 001 0 eng
010 ## - LIBRARY OF CONGRESS CONTROL NUMBER
LC control number 2012012503
020 ## - INTERNATIONAL STANDARD BOOK NUMBER
International Standard Book Number 9781107673144 (Student's book with DVD)
020 ## - INTERNATIONAL STANDARD BOOK NUMBER
International Standard Book Number 9781107697843 (Class audio CDs)
020 ## - INTERNATIONAL STANDARD BOOK NUMBER
International Standard Book Number 9781107625471 (Teacher's manual)
040 ## - CATALOGING SOURCE
Original cataloging agency DLC
Transcribing agency DLC
Modifying agency DLC
041 ## - LANGUAGE CODE
Language code of text/sound track or separate title eng
042 ## - AUTHENTICATION CODE
Authentication code pcc
080 ## - UNIVERSAL DECIMAL CLASSIFICATION NUMBER
Universal Decimal Classification number 428.24 kim
082 00 - DEWEY DECIMAL CLASSIFICATION NUMBER
Classification number 428.24 kim
Edition number 23
100 1# - Rafti
Rafti 50
101 ## - Shkurtesa
Shkurtesa soc
240 10 - UNIFORM TITLE
Uniform title <a href="Academic listening encounters">Academic listening encounters</a>
245 10 - TITLE STATEMENT
Title Academic encounters, life in society, level 3 :
Statement of responsibility, etc Kim Sanabria.
504 ## - BIBLIOGRAPHY, ETC. NOTE
Bibliography, etc Includes bibliographical references and index.
906 ## - LOCAL DATA ELEMENT F, LDF (RLIN)
a 7
b cbc
c orignew
d 1
e ecip
f 20
g y-gencatlg
942 ## - ADDED ENTRY ELEMENTS (KOHA)
Source of classification or shelving scheme
Item type Books

No items available.

UBT Library © 2015-2024. All rights reserved University Education for Business and Technology